Business research methods / (Record no. 2961)
[ view plain ]
| 000 -LEADER | |
|---|---|
| fixed length control field | 00923cam a2200313 a 4500 |
| 001 - CONTROL NUMBER | |
| control field | 2961 |
| 003 - CONTROL NUMBER IDENTIFIER | |
| control field | BD-DhBUF |
| 005 - DATE AND TIME OF LATEST TRANSACTION | |
| control field | 20260114115156.0 |
| 008 - FIXED-LENGTH DATA ELEMENTS--GENERAL INFORMATION | |
| fixed length control field | 031110s2003 ohua b 001 0 eng |
| 010 ## - LIBRARY OF CONGRESS CONTROL NUMBER | |
| LC control number | 2002020827 |
| 015 ## - NATIONAL BIBLIOGRAPHY NUMBER | |
| National bibliography number | GBA3-79048 |
| 016 7# - NATIONAL BIBLIOGRAPHIC AGENCY CONTROL NUMBER | |
| Record control number | 0030350840 |
| Source | Uk |
| 020 ## - INTERNATIONAL STANDARD BOOK NUMBER | |
| International Standard Book Number | 0030350840 : |
| Terms of availability | No price |
| 020 ## - INTERNATIONAL STANDARD BOOK NUMBER | |
| International Standard Book Number | 0030258170 (varient) : |
| Terms of availability | No price |
| 035 ## - SYSTEM CONTROL NUMBER | |
| System control number | (Uk)gb A3079048 |
| 035 ## - SYSTEM CONTROL NUMBER | |
| System control number | 892062 |
| 035 ## - SYSTEM CONTROL NUMBER | |
| System control number | (StEdNL)3620254-nlsdb-Voyager |
| 040 ## - CATALOGING SOURCE | |
| Original cataloging agency | DLC |
| Transcribing agency | DLC |
| Modifying agency | Uk |
| 082 04 - DEWEY DECIMAL CLASSIFICATION NUMBER | |
| Classification number | 658.403072 |
| Edition number | 21 |
| 100 1# - MAIN ENTRY--PERSONAL NAME | |
| Personal name | Zikmund, William G. |
| 9 (RLIN) | 1769 |
| 245 10 - TITLE STATEMENT | |
| Title | Business research methods / |
| Statement of responsibility, etc. | William G. Zikmund. |
| 250 ## - EDITION STATEMENT | |
| Edition statement | 7th ed. |
| 260 ## - PUBLICATION, DISTRIBUTION, ETC. | |
| Place of publication, distribution, etc. | Mason, Ohio ; |
| -- | United Kingdom : |
| Name of publisher, distributor, etc. | Thomson/South-Western, |
| Date of publication, distribution, etc. | c2003. |
| 300 ## - PHYSICAL DESCRIPTION | |
| Extent | xix, 748 p. : |
| Other physical details | ill. (some col.) ; |
| Dimensions | 27 cm. |
| 504 ## - BIBLIOGRAPHY, ETC. NOTE | |
| Bibliography, etc. note | Includes bibliographical references and index. |
| 526 ## - STUDY PROGRAM INFORMATION NOTE | |
| Program name | BBA |
| 650 #0 - SUBJECT ADDED ENTRY--TOPICAL TERM | |
| Topical term or geographic name entry element | Management |
| General subdivision | Research. |
| 942 ## - ADDED ENTRY ELEMENTS (KOHA) | |
| Source of classification or shelving scheme | Dewey Decimal Classification |
| Koha item type | Books |
| Withdrawn status | Lost status | Source of classification or shelving scheme | Damaged status | Not for loan | Home library | Current library | Date acquired | Total Checkouts | Full call number | Barcode | Date last seen | Copy number | Price effective from | Koha item type |
|---|---|---|---|---|---|---|---|---|---|---|---|---|---|---|
| Dewey Decimal Classification | BUFT Library | BUFT Library | 01/26/2009 | 658.403072 Z68b 2003 | 2009-0055 | 01/14/2026 | C-1 | 01/14/2026 | Books |
